Yüklüyor......
Personality Development : planning your success in campus interviews and job fairs
| Yazar: | |
|---|---|
| Diğer Yazarlar: | , |
| Materyal Türü: | Printed Book |
| Dil: | Undetermined English |
| Baskı/Yayın Bilgisi: |
New Delhi
Excel Books
2008
|
| Edisyon: | First |
| LEADER | 00686nam a2200217Ia 4500 | ||
|---|---|---|---|
| 008 | 140306s9999 xx 000 0 und d | ||
| 020 | |a 9788174466860 | ||
| 041 | |a eng | ||
| 082 | |a 155.2 |b SUB/PE | ||
| 100 | |a Mohan, V.Krishna | ||
| 120 | |a 1 | ||
| 245 | |a Personality Development : planning your success in campus interviews and job fairs | ||
| 250 | |a First | ||
| 260 | |a New Delhi |b Excel Books |c 2008 | ||
| 300 | |a 90 | ||
| 365 | |b Rs.125/- | ||
| 700 | |a Prasad, V.V Vara | ||
| 700 | |a Subhramanyam, G | ||
| 942 | |2 ddc |c BK | ||
| 999 | |c 187250 |d 187250 | ||
| 952 | |0 0 |1 0 |2 ddc |4 0 |6 155_200000000000000_SUB_PE |7 0 |9 193339 |a KAUCBV |b KAUCBV |d 2010-03-07 |g 125.00 |o 155.2 SUB/PE |r 2014-03-22 |w 2014-03-22 |y BK | ||